|
|
|
|
| LEADER |
00819nam a2200253 a 4500 |
| 001 |
000425659 |
| 003 |
CZ BrMZK |
| 005 |
20150720104736.0 |
| 007 |
ta |
| 008 |
990305s1985 xo f slo d |
| 040 |
|
|
|a BOA001
|b cze
|
| 080 |
|
|
|a 820(73)-312.6=854
|2 MRF
|
| 100 |
1 |
|
|a Weiss, David,
|d 1909-2002
|7 xx0027572
|1 909-2002
|4 aut
|
| 245 |
1 |
0 |
|a Nahý som prišiel na svet /
|c David Weiss ; Z angl. orig. preložila Tamara Chovanová
|
| 250 |
|
|
|a 1.vyd.
|
| 260 |
|
|
|a Bratislava :
|b Tatran,
|c 1985
|
| 300 |
|
|
|a 573 s.
|
| 490 |
1 |
|
|a Osudy slávnych ;
|v zv. 21
|
| 700 |
1 |
|
|a Chovanová, Tamara,
|d 1953-
|7 mzk2006323006
|4 trl
|
| 765 |
0 |
|
|t Naked came
|
| 830 |
|
0 |
|a Osudy slávnych
|
| 910 |
|
|
|a BOA001
|b 2-0895.829
|
| 990 |
|
|
|a BK
|
| 996 |
7 |
|
|b 2619384486
|c 2-0895.829
|l MZK
|r Sklad / do 1 hodiny
|n 0
|w 000425659
|u 000010
|a 1
|e BOA001
|j MZK50
|s A
|